000 00444nam a2200169 a 4500
005 20210219152952.0
008 991125n 000 0 spa u
035 _aUPN01000069754
222 _aREVISTA SEP
245 _aCoordinación oficial para la salud del pueblo
300 _a15-17
362 _a1972 Año 1, vol. 1, no. 3 (mar.-ago.)
653 0 _aEDUCACION SANITARIA
653 0 _aSEP
904 _aAC
_b007565
905 _aArticulo
999 _c65072
_d65072